000 00512nam a2200181Ia 4500
008 240729s9999 xx 000 0 und d
022 _a2688-8319
245 0 _aEcological Solutions and Evidence
260 _aUnited Kingdom
260 _bWiley
650 _a Biology (General)
650 _a Ecology
650 _a Environmental sciences | Science
650 _aGeography. Anthropology. Recreation
856 _uhttps://doaj.org/toc/52a4af813f074752a3b54e46f36d303e
942 _2ddc
942 _cDOAJEJ
999 _c72701
_d72701
945 _a1
_bMadushi Gamage
_c1
_dMadushi Gamage